Представление документа в формате MARC21

Поле Инд. ПП Название Значение
Тип записи a
Библиографический уровень m
001 Контрольный номер RU/IS/BASE/299849647
005 Дата корректировки 20140703175808.5
020 a ISBN 5-9743-0010-6
040 a Служба первич. каталог. НБ ТвГУ
b Код языка каталог. rus
e Правила каталог. PSBO
041 0_ a Код языка текста rus
080 a Индекс УДК 821.161.1-2
084 a Индекс другой классификации/Индекс ББК Ш6(2=411.2)6-6
090 a Полочн. индекс Ш6(2=411.2)
x Авторский знак П 24
100 1_ a Автор Пелевин Виктор Олегович
q Полное имя Пелевин В.
245 10 a Заглавие Шлем ужаса
b Продолж. заглавия креатифф о Тесее и Минотавре
260 a Место издания Москва
b Издательство Открытый Мир
c Дата издания 2005
300 a Объем 222, [1] с.
440 a Серия Мифы
653 a Ключевые слова Художественная
920 a Оператор Густ
930 a Новая/Ретро художественная
952 c Вид литературы К рх
954 a Дата поступления на обработку 20090810